<?xml version="1.0" encoding="UTF-8"?>
<collection xmlns="http://www.loc.gov/MARC21/slim">
 <record>
  <leader>04172naa a22002415a 4500</leader>
  <controlfield tag="001">1/40015</controlfield>
  <controlfield tag="008">100615s2008    enk           001 0 eng  </controlfield>
  <datafield tag="020" ind1=" " ind2=" ">
   <subfield code="a">9780750683890 (electronic bk.)</subfield>
  </datafield>
  <datafield tag="035" ind1=" " ind2=" ">
   <subfield code="l">42739</subfield>
  </datafield>
  <datafield tag="040" ind1=" " ind2=" ">
   <subfield code="a">OPELS</subfield>
   <subfield code="c">OPELS</subfield>
   <subfield code="d">Gr-PeUP</subfield>
  </datafield>
  <datafield tag="041" ind1="0" ind2=" ">
   <subfield code="a">eng</subfield>
  </datafield>
  <datafield tag="100" ind1="1" ind2=" ">
   <subfield code="a">Vince, Ivan.</subfield>
  </datafield>
  <datafield tag="245" ind1="1" ind2="0">
   <subfield code="a">Major accidents to the environment</subfield>
   <subfield code="h">[electronic resource] :</subfield>
   <subfield code="b">a practical guide to the Seveso II directive and COMAH regulations /</subfield>
   <subfield code="c">edited by Ivan Vince.</subfield>
  </datafield>
  <datafield tag="260" ind1=" " ind2=" ">
   <subfield code="a">Amsterdam ;</subfield>
   <subfield code="a">Boston, MA ;</subfield>
   <subfield code="a">London :</subfield>
   <subfield code="b">Butterworth-Heinemann,</subfield>
   <subfield code="c">2008.</subfield>
  </datafield>
  <datafield tag="300" ind1=" " ind2=" ">
   <subfield code="a">Ένα html e-book.</subfield>
  </datafield>
  <datafield tag="505" ind1="0" ind2=" ">
   <subfield code="a">Practical Aspects; Legal Aspects of Major Accidents to the Environment; Insurance for Major Accidents to the Environment; The Control of Major Accident Hazards Regulations 1999; Substances dangerous for the environment; Major Hazard Incident Data Acquisition Service (MHIDAS); Guidance on the interpretation of MATTEs for the purposes of the COMAH Regulations; Report of the Special Session on Environmental Consequences of Chemical Accidents, Paris, France, 20 November 2000; Environmental risk assessment in support of COMAH and PPC; Regional inventory of potential accidental risk spots; Lessons learned from major accidents 19992000; Mapping the impacts of recent natural disasters and technological accidents in Europe; Water reactive materials incorporation into safety and environmental risk assessments; Emergency response plan for full-surface tank fires; Managing firewater and major spillages; Penalties for conviction under the Health and Safety at Work etc. Act 1974 (HSWA) and relevant statutory provisions (including COMAH); Penalties for Conviction under key provisions of the Environmental Protection Act 1990, The Environment Act 1995 and the Water Resources Act 1991.</subfield>
  </datafield>
  <datafield tag="533" ind1=" " ind2=" ">
   <subfield code="a">Ηλεκτρονικό βιβλίο</subfield>
   <subfield code="n">Τρόπος πρόσβασης μέσω διαδικτύου.</subfield>
  </datafield>
  <datafield tag="520" ind1="0" ind2=" ">
   <subfield code="a">If our plant catches fire, when should it be allowed to burn down to prevent pollution? When does enforcement turn into prosecution, following an environmental accident? Will our environmental insurance cover the costs of remediation? This book provides a thorough and practical guide to the environmental aspects of compliance with the Seveso II Directive and COMAH regulations and surrounding issues. It guides readers through the technical, legal and insurance related complexities unique to the environmental aspects of Seveso II/COMAH. Individual chapters and sections written by relevant experts explain the implications of the Directive/Regulations and other laws that relate to major accident hazards. Valuable case studies underpin and illuminate the arguments presented. The comprehensive appendices contain a wealth of further case studies as well as focused supporting information on environmental design, assessment and management of major hazard installations, for safety, prevention and environmental professionals, risk assessors, insurers, managers and their legal advisors. Dr Ivan Vince is Director of ASK Consultants and co-founder of one of the first industrial risk consultancies in Eastern Europe. He has investigated several environmental accidents. Related titles: Introduction to Emergency Management, 2e Haddow and Bullock 978-0-7506-7961-9 Introduction to International Disaster Management, Coppola 978-0-7506-7982-4 Learning from Accidents, 3e, Kletz 978-0-7506-4883-7 * This is only guide to working with and implementing the Seveso II-Directive and COMAH (Control of Major Accident Hazards) regulations * Written by leading risk management, scientific, legal, and engineering experts, this book provides all of the key elements an organisation must manage in order to comply * Accompanied by a comprehensive data handbook that enables managers and health &amp; safety professionals to assess and apply the approaches required in the Directives.</subfield>
  </datafield>
  <datafield tag="650" ind1=" " ind2="4">
   <subfield code="a">Chemical industry</subfield>
   <subfield code="x">Accidents.</subfield>
  </datafield>
  <datafield tag="655" ind1=" " ind2="4">
   <subfield code="a">Electronic books.</subfield>
  </datafield>
  <datafield tag="852" ind1=" " ind2=" ">
   <subfield code="a">INST</subfield>
   <subfield code="b">UNIPILB</subfield>
   <subfield code="c">EBOOKS</subfield>
   <subfield code="e">20100615</subfield>
   <subfield code="p">00b42739</subfield>
   <subfield code="q">00b42739</subfield>
   <subfield code="t">ONLINE</subfield>
   <subfield code="y">0</subfield>
  </datafield>
  <datafield tag="856" ind1="4" ind2="0">
   <subfield code="u">http://www.sciencedirect.com/science/book/9780750683890</subfield>
  </datafield>
  <datafield tag="856" ind1="4" ind2=" ">
   <subfield code="d">/webopac/covers/02/42739_9780750683890.jpg</subfield>
   <subfield code="z">(electronic bk.)</subfield>
  </datafield>
 </record>
</collection>
